[Event "Club Championships"]
[Site "Wellington Chess Club"]
[Date "2015.12.10"]
[Round "6"]
[White "Sole, Christopher"]
[Black "Scarlett, William"]
[Result "0-1"]
[WhiteElo "1178"]
[BlackElo "1336"]

1. e4 e5 2. Nf3 Nc6 3. d4 d6 4. Bb5 Bd7 5. d5 Nb8 6. Nc3 Bxb5 7. Nxb5 c6 8. Nc3
Nf6 9. O-O h6 10. Qd3 Be7 11. Re1 O-O 12. Ne2 Nbd7 13. Ng3 Nb6 14. c4 Re8 15.
Nf5 Nh5 16. g3 Nf6 17. b3 Bf8 18. N3h4 Be7 19. Nxh6+ gxh6 20. Bxh6 Ng4 21. Nf5
Bg5 22. Bxg5 Qxg5 23. h4 Qf6 24. Qd2 Rad8 25. f3 Qg6 26. fxg4 Qxg4 27. Qh6 Qg6
28. Qxg6+ fxg6 29. Nh6+ Kg7 30. Ng4 Rf8 31. Rf1 Rf7 32. Rxf7+ Kxf7 33. Rf1+ Kg7
34. Nf6 Rf8 35. Ng4 Rxf1+ 36. Kxf1 a5 37. Kg2 a4 38. Ne3 Kh6 39. g4 cxd5 40.
exd5 axb3 41. axb3 Nd7 42. g5+ Kg7 43. Ng4 Nc5 44. Nf6 Kf7 45. Ng4 Nxb3 46.
Nh6+ Kg7 47. Ng4 Nd4 48. Kf2 Nf5 49. Nf6 Kf7 50. Ne4 Ke7 51. c5 dxc5 52. Nxc5
Kd6 53. Nxb7+ Kxd5 54. Nd8 Nxh4 55. Kg3 Nf5+ 56. Kg4 e4 0-1

[Event "Club Championships"]
[Site "Wellington Chess Club"]
[Date "2015.12.10"]
[Round "7"]
[White "Asplet, Mike"]
[Black "Kulkarni, Yogesh"]
[Result "0-1"]
[WhiteElo "1536"]
[BlackElo "1430"]

1. e4 c6 2. d4 d5 3. e5 Bf5 4. Nf3 h6 5. Nbd2 e6 6. Nb3 Nd7 7. Bd3 Bxd3 8. Qxd3
Ne7 9. Be3 Nf5 10. O-O-O Nxe3 11. fxe3 Qc7 12. Rhf1 c5 13. dxc5 Bxc5 14. Nxc5
Qxc5 15. Nd4 Nxe5 16. Qe2 O-O 17. g4 Rac8 18. g5 hxg5 19. Qh5 f6 20. Qh3 f5 21.
Rf2 Rf6 22. Qg3 Nf7 23. Rg1 e5 24. Nxf5 Rxf5 25. Rfg2 Qc4 26. Qe1 Qxa2 0-1

[Event "Club Championships"]
[Site "Wellington Chess Club"]
[Date "2015.12.10"]
[Round "8"]
[White "Forlong-Ford, Colwyn"]
[Black "Coghini, Phillip"]
[Result "0-1"]
[WhiteElo "1752"]
[BlackElo "1757"]

1. e4 c5 2. Bc4 e6 3. Nf3 Nc6 4. d3 d6 5. Nc3 Be7 6. Bf4 a6 7. O-O b5 8. Bb3
Nf6 9. Re1 Nd4 10. Nxd4 cxd4 11. Ne2 e5 12. Bd2 a5 13. a3 O-O 14. Ng3 g6 15. h3
h5 16. Qf3 h4 17. Nf1 Kg7 18. Bg5 Rh8 19. Nh2 Rh5 20. Bd2 Be6 21. Bxe6 fxe6 22.
Ng4 Qb6 23. Nxf6 Bxf6 24. Qg4 Re8 25. Re2 Qc7 26. Kh1 d5 27. Rg1 Kf7 28. Bc1 a4
29. g3 Rg8 30. Qf3 Ke7 31. g4 Rh7 32. exd5 Rf7 33. dxe6 Kxe6 34. Qe4 Qd6 35. g5
Bg7 36. Qxh4 Qd5+ 37. Re4 Rh8 38. Qg3 Kd7 39. Re1 Rf5 40. Kg1 Rhf8 41. f4 Re8
42. h4 Kd6 43. R1e2 Re6 44. Rh2 exf4 45. Bxf4+ Be5 46. Bxe5+ Rexe5 47. Rhe2 Ke6
48. Qg4 Kf7 49. Rxe5 Rxe5 50. Qf4+ Rf5 51. Qc7+ Kg8 52. Re8+ Rf8 53. Qc8 Rxe8
54. Qxe8+ Kg7 55. Qe7+ Kg8 56. Qf6 Kh7 57. h5 gxh5 58. Qh6+ Kg8 59. Qxh5 Qe5
60. Qg6+ Kf8 61. Qf6+ Qxf6 62. gxf6 Kf7 63. Kf2 Kxf6 64. Kf3 Kf5 65. b3 Ke5 66.
Kg4 b4 0-1

[Event "Club Championships"]
[Site "Wellington Chess Club"]
[Date "2015.12.17"]
[Round "5"]
[White "Coghini, Phillip"]
[Black "Stoeveken, Peter"]
[Result "1/2-1/2"]
[WhiteElo "1757"]
[BlackElo "1910"]

1. d4 d5 2. c4 Nf6 3. cxd5 Nxd5 4. Nf3 Bg4 5. e4 Nf6 6. Nc3 c6 7. Be3 e6 8. a3
Nbd7 9. h3 Bh5 10. Be2 Be7 11. O-O O-O 12. Rc1 Rc8 13. Qd2 h6 14. Rfd1 Bg6 15.
Bd3 Bh5 16. Be2 Bg6 17. Bd3 Bh5 18. Be2 Bg6 19. Bd3 a6 20. e5 Nh7 21. Bxg6 fxg6
22. Ne4 Nb6 23. b3 Nd5 24. Nc5 Bxc5 25. dxc5 Rf5 26. Rc4 Qe7 27. Nh4 Nxe3 28.
Qxe3 {draw agreed} 1/2-1/2

[Event "Summer Cup"]
[Site "Wellington Chess Club"]
[Date "2016.01.21"]
[Round "1"]
[White "Baker, Jack"]
[Black "Ker, Anthony"]
[Result "0-1"]
[WhiteElo "1588"]
[BlackElo "2435"]

1. e4 d6 2. d4 Nf6 3. Nc3 g6 4. Bg5 Bg7 5. Bc4 Nxe4 6. Bxf7+ Kxf7 7. Nxe4 Rf8
8. h4 Nc6 9. h5 Bf5 10. hxg6+ Bxg6 11. Qg4 Qc8 12. Qh4 Qe6 13. d5 Qxe4+ 14.
Qxe4 Bxe4 15. dxc6 Bxb2 16. cxb7 Rab8 17. Rd1 Bxc2 18. Rd5 c6 19. Kd2 cxd5 20.
Kxc2 Rxb7 21. Rxh7+ Kg6 22. Bxe7 Rxf2+ 23. Kd3 Kxh7 24. Bxd6 Rxg2 25. Nh3 Rbg7
26. Nf2 Rxf2 27. Ke3 Rgf7 28. Bf4 R7xf4 29. a4 R4f3# 0-1

[Event "Summer Cup"]
[Site "Wellington Chess Club"]
[Date "2016.01.21"]
[Round "1"]
[White "Brockway, Andrew"]
[Black "Sole, Christopher"]
[Result "1-0"]
[WhiteElo "1791"]
[BlackElo "1120"]

1. e4 e5 2. Nf3 Nc6 3. Bb5 Bc5 4. Bxc6 bxc6 5. Nxe5 Qe7 6. d4 f6 7. dxc5 fxe5
8. Be3 Bb7 9. Nc3 d6 10. cxd6 cxd6 11. Qd2 O-O-O 12. O-O-O Nf6 13. Bxa7 c5 14.
Bb6 Rdf8 15. f3 Nd7 16. Qxd6 Qxd6 17. Rxd6 Nxb6 18. Rxb6 Rd8 19. Re6 Rhe8 20.
Rxe8 Rxe8 21. Rd1 Rd8 22. Rxd8+ Kxd8 23. Nd5 Kd7 24. c4 Kc6 25. Kc2 Ba6 26. Kc3
g5 27. b4 cxb4+ 28. Nxb4+ Kb6 29. Nxa6 Kxa6 30. Kb4 1-0

[Event "Summer Cup"]
[Site "Wellington Chess Club"]
[Date "2016.01.21"]
[Round "1"]
[White "Day, Fabian"]
[Black "Jackson, Ross"]
[Result "0-1"]
[WhiteElo "1400"]
[BlackElo "2003"]

1. e4 c5 2. d4 cxd4 3. c3 dxc3 4. Nxc3 Nc6 5. Nf3 d6 6. Bc4 e6 7. O-O a6 8. Qe2
Be7 9. Rd1 Bd7 10. Bf4 b5 11. Bb3 e5 12. Be3 Nf6 13. Nd5 Nxd5 14. Bxd5 Rc8 15.
Rac1 O-O 16. Bxc6 Bxc6 17. Nxe5 Be8 (17... Bxe4) 18. Bc5 Rxc5 19. Rxc5 Qb6 0-1

[Event "Summer Cup"]
[Site "Wellington Chess Club"]
[Date "2016.01.21"]
[Round "1"]
[White "Dive, Russell"]
[Black "Sole, Michael"]
[Result "1-0"]
[WhiteElo "2441"]
[BlackElo "1655"]

1. Nf3 Nf6 2. c4 e6 3. g3 d5 4. Bg2 c6 5. O-O Be7 6. b3 Nbd7 7. Bb2 b5 8. Qc2
Bb7 9. d3 Rc8 10. Nbd2 O-O 11. e4 Qa5 12. a3 Rfd8 13. h3 Nf8 14. Rfe1 Ng6 15.
b4 Qc7 16. e5 Nd7 17. c5 Ngf8 18. h4 f6 19. exf6 Nxf6 20. Bh3 h6 21. Nd4 Rb8
22. Nxe6 Nxe6 23. Bxe6+ Kh8 24. Be5 Bd6 25. cxd6 Qb6 26. d4 Bc8 27. Qg6 Bxe6
28. Bxf6 Rd7 29. Rxe6 1-0

[Event "Summer Cup"]
[Site "Wellington Chess Club"]
[Date "2016.01.21"]
[Round "1"]
[White "Forster, Bill"]
[Black "Proctor, Matthew"]
[Result "1-0"]
[WhiteElo "2094"]
[BlackElo "1458"]

1. d4 d5 2. c4 c6 3. Nc3 dxc4 4. e3 Be6 5. Nf3 Nf6 6. Ng5 Qd7 7. Be2 g6 8. O-O
Nd5 9. Nce4 Nc7 10. Nxe6 Nxe6 11. Bxc4 b5 12. Bb3 Bg7 13. Bd2 O-O 14. Ba5 Na6
15. Qe2 Rab8 16. Rfd1 Nec7 17. Rac1 Rfc8 18. Qf3 e6 19. Rxc6 Kf8 20. Nd6 f6 21.
Rdc1 Nd5 22. Nxc8 Nac7 23. Bxc7 Nxc7 24. Rxc7 Rxc8 25. Rxc8+ Ke7 26. R1c7 Qxc7
27. Rxc7+ Kd8 28. Rxg7 Ke8 29. Qa8# 1-0

[Event "Summer Cup"]
[Site "Wellington Chess Club"]
[Date "2016.01.21"]
[Round "1"]
[White "Kulkarni, Yogesh"]
[Black "Sellen, Ian"]
[Result "1-0"]
[WhiteElo "1430"]
[BlackElo "2092"]

1. c4 Nf6 2. Nc3 g6 3. Nf3 Bg7 4. g3 O-O 5. Bg2 c6 6. d4 d5 7. cxd5 cxd5 8. Ne5
Nc6 9. O-O a6 10. Bg5 h6 11. Bxf6 exf6 12. Nxc6 bxc6 13. e3 f5 {I didn't like
this move as soon as I played it because it means my bishop can't go to f5. I
did it to contest control of e4 of course.} 14. Rc1 Qd6 15. Qc2 a5 (15... f4
16. gxf4 Bf5 {is interesting, I nearly played this, e.g. } 17. Qd2 Rab8 18. b3
Rfe8 {black has nice active pieces although I'm not sure it's compensation for
the pawn} ) 16. Na4 {I am now in trouble with my weak pawn on c6 and lack of
control of c5} 16... Ba6 (16... Bb7 17. Nc5 Ba6 18. Rfd1 Rfc8 19. Bf1 {It's sad
to lose my 2 bishops} ) 17. Rfd1 Bb5 18. Bf1 Rfb8 {the wrong rook it seems} 19.
Nc3 (19. Bxb5 cxb5 20. Qc5 {is even stronger} ) 19... a4 20. Nxb5 cxb5 21. Qc5
Bf8 $2 {A definite mistake. I should have avoided the exchange of queens.
Losing the vital d pawn.}  (21... Qd7 22. Qc7 Qe6 23. Rc6 Rc8 24. Rxe6 Rxc7 25.
Rb6 {looks bad too} ) 22. Qxd6 Bxd6 23. Bg2 Rd8 24. Bxd5 Rab8 25. Rc6 Kg7 26.
Bf3 g5 27. Rdc1 f4 28. gxf4 gxf4 29. e4 f6 {Pretty much giving up}  (29... Be7
30. d5 Bf6 31. Rb1 Re8 {loses slower} ) 30. Ra6 Bb4 31. Rc7+ Kg6 32. h4 ( {Even
better is} 32. e5 Rf8 33. a3 Bd2 34. Rc2) 32... Bd6 33. Rxd6 $1 {Not the only
way to win, but quite a pretty one} 33... Rxd6 34. h5+ Kg5 35. Rg7+ Kh4 36. Kh2
{I resigned here - both of us thought I was inevitably getting checkmated, but
actually there is a way of getting out of it by giving up a lot of material:}
36... f5 37. exf5 Rxd4 38. Rg4+ Kxh5 39. Rxf4+ Kg5 40. Rxd4 {so white would
have won anyway} 1-0

[Event "Summer Cup"]
[Site "Wellington Chess Club"]
[Date "2016.01.21"]
[Round "1"]
[White "Meravanage, Satwik"]
[Black "Stoeveken, Peter"]
[Result "1/2-1/2"]
[WhiteElo "1378"]
[BlackElo "1943"]

1. e4 c5 2. Nf3 Nc6 3. d4 cxd4 4. Nxd4 e5 5. Nf3 Nf6 6. Nc3 Bb4 7. Bd2 Bxc3 8.
Bxc3 Nxe4 9. Bxe5 Qe7 10. Bd3 d6 11. Bxe4 Nxe5 12. Nxe5 dxe5 13. O-O O-O 14.
Qh5 f5 15. Bd5+ Be6 16. Rad1 Rad8 17. Qf3 b6 18. Rfe1 e4 19. Qb3 Bxd5 20. Rxd5
Rxd5 21. Qxd5+ Qf7 22. Qxf7+ Kxf7 23. g4 Ke6 24. f3 Rd8 25. gxf5+ Kxf5 26.
fxe4+ Kf4 27. Kf2 Rd2+ 28. Re2 Rxe2+ 29. Kxe2 Kxe4 30. c4 g5 31. h3 h5 32. Kf2
g4 33. hxg4 hxg4 34. Kg3 Kd4 35. b3 Kc3 36. Kxg4 Kb2 37. b4 Kxa2 38. c5 bxc5
39. bxc5 a5 40. c6 a4 41. c7 a3 42. c8=Q Kb3 43. Qb7+ Ka2 44. Qg2+ Kb3 45. Qf3+
Ka2 46. Qe2+ Kb3 47. Qd1+ Kb2 48. Qd2+ Kb1 49. Qc3 a2 50. Qb3+ Ka1 1/2-1/2

[Event "Summer Cup"]
[Site "Wellington Chess Club"]
[Date "2016.01.21"]
[Round "1"]
[White "Nyberg, Michael"]
[Black "Asher, Bruce"]
[Result "1-0"]
[WhiteElo "2069"]
[BlackElo "1419"]

1. e4 e5 2. Nf3 Nc6 3. Bc4 d6 4. d4 Nf6 5. dxe5 Nxe4 6. Bxf7+ Kxf7 7. Qd5+ Be6
8. Qxe4 Be7 9. exd6 cxd6 10. O-O h6 11. Re1 Bg4 12. Qxg4 Qc8 13. Qc4+ Kf8 14.
Nc3 Qd7 15. Bf4 Re8 16. Rad1 Qg4 17. h3 Qg6 18. Nd5 Qf7 19. Qe4 Bg5 20. Bxd6+
Kg8 21. Qxe8+ Qxe8 22. Rxe8+ Kh7 23. Nxg5+ hxg5 24. Rxh8+ Kxh8 25. Re1 Kh7 26.
Nb4 Nd4 27. c3 Nf5 28. Be5 a5 29. Nd5 b5 30. Bc7 a4 31. b3 a3 32. Re5 Kg6 33.
Ne7+ Kf6 34. Nxf5 g6 35. Ne3 1-0

[Event "Summer Cup"]
[Site "Wellington Chess Club"]
[Date "2016.01.21"]
[Round "1"]
[White "Rose, Nathan"]
[Black "Stone, Andrew"]
[Result "0-1"]
[WhiteElo "1407"]
[BlackElo "2063"]

1. e4 e5 2. f4 d5 3. exd5 e4 4. Nc3 Nf6 5. Bc4 Bc5 6. Nh3 O-O 7. d4 exd3 8.
Qxd3 Re8+ 9. Ne2 Bg4 10. Qb3 Qe7 11. Qd3 Bxe2 12. Qxe2 Qd7 0-1

[Event "Summer Cup"]
[Site "Wellington Chess Club"]
[Date "2016.01.21"]
[Round "1"]
[White "Rossiter, Philip"]
[Black "Bennett, Ezra"]
[Result "1-0"]
[WhiteElo "1888"]
[BlackElo "1352"]

1. d4 Nf6 2. c4 g6 3. Nc3 Bg7 4. e4 d6 5. Nf3 O-O 6. h3 c6 7. Be3 d5 8. e5 Nfd7
9. Qd2 Nb6 10. b3 f6 11. exf6 Bxf6 12. Bd3 Rf7 13. O-O c5 14. cxd5 Nxd5 15.
Nxd5 Bxd4 16. Nxd4 cxd4 17. Bxd4 Qxd5 18. Bc4 Qh5 19. Bxf7+ Kxf7 20. Qf4+ Ke8
21. Qg3 Bd7 22. Qe5 Qh4 23. Qh8+ Kf7 24. Qg7+ Ke8 25. Qg8# 1-0

[Event "Summer Cup"]
[Site "Wellington Chess Club"]
[Date "2016.01.21"]
[Round "1"]
[White "Scarlett, William"]
[Black "Farrington, Lawrence"]
[Result "1/2-1/2"]
[WhiteElo "1336"]
[BlackElo "1851"]

1. e4 e6 2. c4 d5 3. cxd5 exd5 4. exd5 Nf6 5. Qf3 Qxd5 6. Qxd5 Nxd5 7. Bc4 Nb4
8. Na3 c6 9. Ne2 Bg4 10. Bb3 Nd3+ 11. Kf1 Bc5 12. f3 Bh5 13. Bc2 Nxc1 14. Rxc1
Nd7 15. Bf5 Bxa3 16. Bxd7+ Kxd7 17. bxa3 Rhe8 18. Nf4 Bg6 19. Nxg6 hxg6 20. Kf2
Rad8 21. Rhe1 Rxe1 22. Kxe1 Re8+ 23. Kf2 Re5 24. Rc3 Rd5 25. Ke2 Kd6 26. Rb3
Re5+ 27. Kf2 b6 28. Rd3+ Rd5 29. Rxd5+ Kxd5 30. Ke3 Kc4 31. Ke4 f6 32. f4 Kb5
33. h4 Ka4 34. g4 Kxa3 35. h5 gxh5 36. gxh5 Kxa2 37. Kf5 b5 38. Kg6 b4 39. Kxg7
b3 40. h6 b2 41. h7 b1=Q 42. h8=Q Qg1+ 43. Kf7 Qd4 44. Qxf6 Qd7+ 45. Kg6 Qg4+
46. Qg5 1/2-1/2

[Event "Summer Cup"]
[Site "Wellington Chess Club"]
[Date "2016.01.21"]
[Round "1"]
[White "Theodosiou, Andreas"]
[Black "Nijman, Brian"]
[Result "0-1"]
[WhiteElo "1480"]
[BlackElo "2158"]

1. e4 c5 2. Nf3 a6 3. d3 g6 4. Be3 Bg7 5. d4 Nf6 6. Bd3 c4 7. Bxc4 Nxe4 8. O-O
d5 9. Bd3 Nc6 10. Nbd2 Nd6 11. c3 O-O 12. a3 Bf5 13. Be2 a5 14. c4 e5 15. cxd5
Nxd4 16. Nxd4 exd4 17. Bf4 d3 18. Bf3 Qb6 19. Bxd6 Qxd6 20. Ne4 Bxe4 21. Bxe4
Bxb2 22. Ra2 Be5 23. g3 f5 24. Bh1 Qa6 25. Rd2 Bd6 26. Rxd3 Rfe8 27. Qb3 a4 28.
Qd1 Re7 29. Re3 Rxe3 30. fxe3 Qb6 31. Kf2 Qb2+ 32. Kg1 Bc5 33. Re1 Re8 34. d6
Qe5 35. Qe2 Qxd6 36. Qc4+ Kg7 37. Qb5 Rxe3 38. Rxe3 Bxe3+ 39. Kg2 Qc6+ 40. Qxc6
bxc6 41. Kf3 Bc1 42. Ke2 c5 43. Kd1 Bxa3 44. Kc2 Bb4 45. Kb2 Kf6 46. Bc6 a3+
47. Kb3 c4+ 48. Ka2 Ke5 0-1

[Event "Summer Cup"]
[Site "Wellington Chess Club"]
[Date "2016.01.21"]
[Round "1"]
[White "Timergazi, Layla"]
[Black "Landrain, Marc"]
[Result "1-0"]
[WhiteElo "2149"]
[BlackElo "1500"]

1. e4 e5 2. Nf3 d6 3. Bc4 Nc6 4. c3 Be6 5. Bb3 Be7 6. d4 exd4 7. cxd4 d5 8. e5
Na5 9. Nc3 f6 10. Bf4 Bb4 11. Qe2 Qd7 12. exf6 gxf6 13. Bxc7 Rc8 14. Bxa5 Bxa5
15. O-O Bxc3 16. bxc3 Rxc3 17. Ba4 Qxa4 18. Qxe6+ Ne7 19. Rfe1 Qd7 20. Qxf6 Rf8
21. Qh4 Rf7 22. Ne5 Qf5 23. Nxf7 Qxf7 24. Re2 Rc7 25. Rae1 Kf8 26. Qh6+ Ke8 27.
Qd6 Rd7 28. Qb8+ Rd8 29. Rxe7+ Qxe7 30. Rxe7+ Kxe7 31. Qxb7+ 1-0

[Event "Summer Cup"]
[Site "Wellington Chess Club"]
[Date "2016.01.21"]
[Round "1"]
[White "Wastney, Scott"]
[Black "Asplet, Mike"]
[Result "1-0"]
[WhiteElo "2434"]
[BlackElo "1530"]

{This is a short game, but I thought it has some instructional value on move
orders in the Ruy Lopez.} 1. e4 e5 2. Nf3 Nc6 3. Bb5 {The Ruy Lopez, which is a
very flexible opening with so many branches that it can be confusing to play
with and against.  At the recent NZ Chess Open I had the chance to enter this
opening as White against GM Gawain Jones.  The problem was I was expecting him
to play the Sicilian Dragon and had devoted all my preparation time on that.
After the game Gawain said that he expected me to have prepared against the
Dragon, but having no idea what line I'd choose, he took the practical decision
to play 1...e5.  In my preparation I had noted that he usually plays the closed
Ruy  Lopez (3...a6 4.Ba4 Nf6 5.0-0 Be7), but had played the Moller variation
(5...Bc5) already a couple of times in 2015.   And on top of that another three
or four other Ruy Lopez lines in the past few years.  Anyway, I thought a
Sicilian was most likely and didn't spend any pre-game time on the Ruy Lopez.
So upon facing 1...e5 I took the practical option of playing the solid Four
Knights opening.  It's good in practice to have a solid back up} 3... a6 4. Ba4
Nf6 5. O-O b5 {This move order is used when Black is aiming for the Archangel
(6.Bb3 Bb7) or the New Archangel (6.Bb3 Bc5).  Often when I am talking to chess
students they say "I don't really care about the names of openings and
variations".  But for me, right from when I first started chess I always found
this part of chess very appealing - that the openings had names and it is
interesting to me to know the different names.  Maybe it is similar to those
children that take an interest in knowing all the names of countries where most
others simply don't see the point.  Magnus Carlsen, by the age of 5 knew the
area, population, flag and capital of every country in the world. Then he
started on the area, population, coat of arms of the 430 municipalities of
Norway.  It turns out this was just the type of kid that would excel at chess!
I have noted that a lot of very strong players have an interest in various
topics of trivia} 6. Bb3 Be7 {But if Black is aiming for the closed Ruy Lopez
then it is considered inaccurate to play 5...b5 then 6... Be7.   The main way
to get there is 5....Be7 6.Re1 b5 7.Bb3} 7. d4 $1 {It is because of this move
that 5...Be7 is the recommended move order.} 7... exd4 {Best is 7...d6 although
Whites still scores well from this position.} 8. e5 Ng4 (8... Ne4 {has more
often been played here, but after} 9. Bd5 Nc5 10. Nxd4 Bb7 11. Nf5 {White has a
strong attack} ) 9. Re1 {This much I'd seen before and knew the assessment that
it is meant to be a clear advantage for White} 9... O-O 10. h3 Nh6 11. Bxh6
gxh6 12. Nxd4 Bb7 {It is better to exchange knights rather than letting a White
knight land on f5, but even then White has still has a clear advantage due to
the weakened pawn structure around Black's king.} 13. Nf5 Bg5 14. Qg4 Kh8 15.
h4 Bxh4 {Ending the game quickly}  ( {While Mike was thinking it seemed to me
his best try was} 15... Nxe5 16. Rxe5 Bf6 17. Qf4 {and here I was trying to
work out if Black has anything to try.  But post-game I see it is hopeless} )
16. Qg7# 1-0

[Event "Summer Cup"]
[Site "Wellington Chess Club"]
[Date "2016.01.21"]
[Round "1"]
[White "Wight, Joshua"]
[Black "Croad, Nicolas"]
[Result "0-1"]
[WhiteElo "1522"]
[BlackElo "2406"]

1. e4 c5 2. Nc3 Nc6 3. f4 g6 4. Nf3 Bg7 5. Bb5 Nd4 6. O-O a6 7. Be2 e6 8. e5 d6
9. exd6 Qxd6 10. Nxd4 cxd4 11. Ne4 Qc7 12. d3 Ne7 13. b3 O-O 14. Ba3 Rd8 15.
Bxe7 Qxe7 16. Rf3 Bd7 17. Qd2 Rac8 18. a3 Bc6 19. Rf2 Bxe4 20. dxe4 d3 21. Bxd3
Bxa1 22. Rf3 Qxa3 23. f5 Bd4+ 24. Kf1 exf5 25. exf5 Qa1+ 0-1

[Event "Summer Cup"]
[Site "Wellington Chess Club"]
[Date "2016.01.21"]
[Round "1"]
[White "Zhao, Aiden"]
[Black "Barraza, Jesse"]
[Result "0-1"]
[WhiteElo "1103"]
[BlackElo "1757"]

1. e4 d6 2. d4 Nf6 3. Nc3 e5 4. Nf3 exd4 5. Nxd4 Be7 6. Bc4 Bg4 7. f3 Bd7 8.
O-O Nc6 9. Be3 Ne5 10. Bb3 c5 11. Nde2 b5 12. Bd5 Rb8 13. Ng3 O-O 14. Nf5 b4
15. Ne2 Nxd5 16. Nxe7+ Nxe7 17. Qxd6 Nc4 18. Qxc5 Nxe3 19. Qxe3 Qb6 20. Qxb6
Rxb6 21. Rad1 Bb5 22. Rfe1 Bxe2 23. Rxe2 Ra6 24. Rd7 Ng6 25. Rb7 Rd8 26. Rxb4
Rxa2 27. b3 h6 28. g3 Ne5 29. f4 Rd1+ 30. Kg2 Nc6 31. Rc4 Nd4 32. Rf2 a5 33. c3
Rxf2+ 34. Kxf2 Nxb3 35. Rc8+ Kh7 36. f5 a4 37. Ra8 Ra1 38. e5 Nc5 39. Ra5 Ne4+
40. Kf3 Nxc3 41. e6 fxe6 42. fxe6 Re1 43. Ra6 Kg6 44. Kf2 Re4 45. Kf3 Kf6 46.
Ra5 Rxe6 47. Rc5 Ra6 48. Rxc3 a3 49. Rc1 a2 50. Ra1 Ra4 51. Kf2 Kf5 52. h3 h5
53. Kf3 Ra3+ 54. Ke2 Ke4 55. Kd2 Kf3 56. Kc2 Kxg3 57. Kb2 Ra7 58. Rxa2 Rxa2+
0-1

[Event "Summer Cup"]
[Site "Wellington Chess Club"]
[Date "2016.01.28"]
[Round "2"]
[White "Asher, Bruce"]
[Black "Konakanchi, Pramodh"]
[Result "1-0"]
[WhiteElo "1419"]
[BlackElo "1161"]

1. e4 e5 2. Nf3 Nc6 3. Nc3 Nf6 4. d4 exd4 5. Nxd4 Nxd4 6. Qxd4 c5 7. Qc4 Be7 8.
Be2 O-O 9. h3 Ne8 10. O-O Nc7 11. Be3 Na6 12. Rad1 Nb4 13. Rd2 d6 14. Bxc5 Nc6
15. Qb3 Be6 16. Qxb7 Ne5 17. Bb4 Rb8 18. Qxa7 Rxb4 19. b3 Qc8 20. Nd5 Bxd5 21.
exd5 Bg5 22. Rd4 Rxd4 23. Qxd4 Qxc2 24. Bb5 h6 25. f4 Bf6 26. fxe5 Bxe5 27. Qa4
Qc5+ 28. Kh1 Qxd5 29. Bc4 Qe4 30. Qa7 Ra8 31. Qxf7+ Kh7 32. Bd5 Qe3 33. Bxa8
Qg3 34. Be4+ Kh8 35. Qf8# 1-0

[Event "Summer Cup"]
[Site "Wellington Chess Club"]
[Date "2016.01.28"]
[Round "2"]
[White "Asplet, Mike"]
[Black "Bennett, Ezra"]
[Result "1-0"]
[WhiteElo "1530"]
[BlackElo "1352"]

1. e4 Nf6 2. e5 Nd5 3. Bc4 e6 4. d4 f6 5. c3 Be7 6. Bxd5 exd5 7. exf6 Bxf6 8.
Qh5+ g6 9. Qxd5 Nc6 10. Nf3 d6 11. O-O Bf5 12. Re1+ Be7 13. Bg5 b6 14. Qxc6+
Kf7 15. Bxe7 Bd7 16. Qd5+ 1-0

[Event "Summer Cup"]
[Site "Wellington Chess Club"]
[Date "2016.01.28"]
[Round "2"]
[White "Barraza, Jesse"]
[Black "Timergazi, Layla"]
[Result "0-1"]
[WhiteElo "1757"]
[BlackElo "2149"]

1. e4 c6 2. d3 d5 3. Nd2 e5 4. Be2 Nf6 5. f4 exf4 6. e5 Ng4 7. Ndf3 Qb6 8. d4
c5 9. Bxf4 cxd4 10. Nxd4 Qxb2 11. Nb5 Qb4+ 12. Qd2 Qxd2+ 13. Bxd2 Na6 14. Nf3
Bc5 15. Nbd4 Nxe5 16. Nb3 Bd6 17. O-O O-O 18. Rad1 Be6 19. Nbd4 Bc5 20. c3 Nc6
21. Kh1 Nxd4 22. Nxd4 Nc7 23. Bf4 Rac8 24. Rb1 Bb6 25. Bd2 Rfe8 26. Bf3 Na6 27.
Nb5 Red8 28. Nd4 Nc5 29. Nxe6 fxe6 30. Be3 Na4 31. Bxb6 Nxb6 32. Bg4 Re8 33.
Rfe1 Rc6 34. Rbd1 e5 35. a4 Rxc3 36. a5 Nc4 37. Rxd5 Ne3 38. Bd7 Nxd5 39. Bxe8
Kf8 40. Bd7 Ke7 41. Bc8 Rxc8 0-1

[Event "Summer Cup"]
[Site "Wellington Chess Club"]
[Date "2016.01.28"]
[Round "2"]
[White "Croad, Nicolas"]
[Black "Brockway, Andrew"]
[Result "1-0"]
[WhiteElo "2406"]
[BlackElo "1772"]

1. d4 Nf6 2. Nf3 e6 3. c4 Bb4+ 4. Nbd2 b6 5. g3 Bb7 6. Bg2 d6 7. Qa4+ Nc6 8. d5
Bxd2+ 9. Bxd2 exd5 10. cxd5 Nxd5 11. Nd4 1-0

[Event "Summer Cup"]
[Site "Wellington Chess Club"]
[Date "2016.01.28"]
[Round "2"]
[White "Ker, Anthony"]
[Black "Jackson, Ross"]
[Result "1-0"]
[WhiteElo "2435"]
[BlackElo "2003"]

1. e4 c5 2. c3 Nf6 3. e5 Nd5 4. d4 e6 5. Nf3 cxd4 6. cxd4 d6 7. Bc4 Nb6 8. Bd3
Nc6 9. a3 Qc7 10. exd6 Bxd6 11. Nc3 a6 12. O-O Ne7 13. Re1 Nbd5 14. Bd2 Nxc3
15. Bxc3 Nd5 16. Rc1 Bf4 17. Bd2 Qd6 18. Rc5 Bxd2 19. Qxd2 O-O {The rest of
Jackson's runes are mysterious. White won in 61} 1-0

[Event "Summer Cup"]
[Site "Wellington Chess Club"]
[Date "2016.01.28"]
[Round "2"]
[White "Kulkarni, Yogesh"]
[Black "Nyberg, Michael"]
[Result "0-1"]
[WhiteElo "1430"]
[BlackElo "2069"]

1. c4 c6 2. Nf3 f5 3. Nc3 Nf6 4. g3 d5 5. cxd5 cxd5 6. Bg2 Nc6 7. d4 e6 8. O-O
Bd6 9. Nb5 Bb8 10. Bg5 O-O 11. Bxf6 Qxf6 12. Rc1 Bd7 13. Nc3 Na5 14. b3 Bd6 15.
Qd2 Nc6 16. Nb5 Bb4 17. Qg5 Qxg5 18. Nxg5 Bd2 19. Nxe6 Bxe6 20. Nc7 Bxc1 21.
Nxe6 Ba3 22. Nxf8 Kxf8 23. Bxd5 Nxd4 24. Bxb7 Nxe2+ 25. Kg2 Rd8 26. Re1 Rd2 27.
Kf3 Nc3 28. Re5 g6 29. Ra5 Rxa2 30. Rxa7 Rxf2+ 31. Kxf2 Bc5+ 32. Kf3 Bxa7 33.
g4 fxg4+ 34. Kxg4 Nb5 35. h4 h5+ 36. Kg3 Kg7 37. Ba6 Nd4 38. b4 Nf5+ 39. Kh3
Bf2 40. b5 Bxh4 41. b6 Bg3 42. Bc8 Bb8 43. Bd7 Kf6 44. b7 g5 45. Bc6 g4+ 46.
Kg2 h4 47. Kh1 Ke5 48. Kg2 Kf4 49. Kh1 h3 50. Kh2 Nd4 51. Bd7 Kf3+ 52. Kh1 Kg3
53. Bc8 Nc2 54. Bf5 Ne3 55. Be4 Nd1 56. Bc6 h2 0-1